ბათუმის შოთა რუსთაველის სახელმწიფო უნივერსიტეტის ბიბლიოთეკა

POTTERY OF THE ROMAN PERIOD : (ბიბ.ჩანაწერი № 60531)

000 -LEADER
fixed length control field 00569nam a22001697a 4500
005 - DATE AND TIME OF LATEST TRANSACTION
control field 20230814150414.0
008 - FIXED-LENGTH DATA ELEMENTS--GENERAL INFORMATION
fixed length control field 230814s1959 enk||||| |||| 00| 0 eng d
020 ## - INTERNATIONAL STANDARD BOOK NUMBER
International Standard Book Number 9780876612057
041 ## - LANGUAGE CODE
Language code of text/sound track or separate title eng
080 ## - UNIVERSAL DECIMAL CLASSIFICATION NUMBER
Universal Decimal Classification number 902:903 R-67
100 ## - MAIN ENTRY--PERSONAL NAME
Personal name Robinson, Henry S.
9 (RLIN) 19672
245 ## - TITLE STATEMENT
Title POTTERY OF THE ROMAN PERIOD :
Remainder of title CHRONOLOGY. Volume V. /
Statement of responsibility, etc. Henry S. Robinson.
264 ## - PRODUCTION, PUBLICATION, DISTRIBUTION, MANUFACTURE, AND COPYRIGHT NOTICE
Place of production, publication, distribution, manufacture New Jersey,
Date of production, publication, distribution, manufacture, or copyright notice 1959.
300 ## - PHYSICAL DESCRIPTION
Extent 150 p. :
Other physical details ill.;
Dimensions 32 cm.
653 ## - INDEX TERM--UNCONTROLLED
keyword რომაული პერიოდის კერამიკა: ქრონოლოგია
942 ## - ADDED ENTRY ELEMENTS (KOHA)
Source of classification or shelving scheme
Koha item type წიგნი
ეგზემპლარები
Withdrawn status Lost status Source of classification or shelving scheme Damaged status Not for loan Permanent Location Current Location Shelving location Date acquired Cost, normal purchase price Full call number Barcode Date last seen Copy number Uniform Resource Identifier Price effective from Koha item type Public note
          ბათუმის შოთა რუსთაველის სახელმწიფო უნივერსიტეტის მთავარი ბიბლიოთეკა ბათუმის შოთა რუსთაველის სახელმწიფო უნივერსიტეტის მთავარი ბიბლიოთეკა წიგნსაცავი 2023-08-14 10.00 902:903 R-67 65152 2023-08-14 65152 ბსუ-ს საპატიო დოქტორის გურამ ლორთქიფანიძის საჩუქარი 2023-08-14 წიგნი 10 ლ.